| 000 | 00930nas a2200301 4500 | ||
|---|---|---|---|
| 001 | BR2014000469 | ||
| 003 | BR-BrBNA | ||
| 005 | 20231205123638.0 | ||
| 007 | ta | ||
| 008 | 230509b bl.|||p| |||| 00| 00por d | ||
| 040 |
_aBR-BrBNA _bpor _cBiblioteca Nacional de Agricultura |
||
| 041 | _a(En) | ||
| 072 | _aM40 | ||
| 100 | 1 | _aTaniwaki, R.H. | |
| 100 | 1 | _aBorghi, T.C. | |
| 100 | 1 | _aMagrin, A.G.E. | |
| 100 | 1 | _aCalijuri, M. do C. | |
| 100 | 1 | _aBotino, F. | |
| 100 | 1 | _aMoschini-Carlos, V. | |
| 245 | 1 | _aStructure and dynamics of the community of periphytic algae in a subtropical reservoir (state of São Paulo, Brazil) | |
| 650 | _aALGA | ||
| 650 | _aQUALIDADE DA ÁGUA | ||
| 650 | _aPTERIDOFITA | ||
| 650 | _aSÃO PAULO | ||
| 773 | 0 |
_tActa Botanica Brasilica (Brazil) _xISSN 0102-3306 _g(Jul--Sep 2013), v. 27(3) p. 551-559 _wBR2014000469 |
|
| 909 |
_a202311 _bLúcia _c55 _dLúcia Elande |
||
| 942 |
_2AGRIS _n0 _cANA |
||
| 999 |
_c234962 _d234962 |
||